Del dolor y la alegría / (Registro nro. 6476)

Detalles MARC
000 -LEADER
fixed length control field 01077nam a22002777a 4500
003 - CONTROL NUMBER IDENTIFIER
control field OSt
005 - DATE AND TIME OF LATEST TRANSACTION
control field 20200211104653.0
008 - FIXED-LENGTH DATA ELEMENTS--GENERAL INFORMATION
fixed length control field 200211s2016 ck ||||er|||| 00| p spa d
020 ## - INTERNATIONAL STANDARD BOOK NUMBER
International Standard Book Number 9789587724530
040 ## - CATALOGING SOURCE
Original cataloging agency CO-JMCR
Transcribing agency CO-JMCR
041 0# - LANGUAGE CODE
Language code of text/sound track or separate title spa
082 ## - DEWEY DECIMAL CLASSIFICATION NUMBER
Classification number P /
Item number COCd
100 1# - MAIN ENTRY--PERSONAL NAME
Personal name Coco, Emilio,
Relator term autor
9 (RLIN) 375
245 10 - TITLE STATEMENT
Title Del dolor y la alegría /
Statement of responsibility, etc. Emilio Coco
250 ## - EDITION STATEMENT
Edition statement Primera edición
260 ## - PUBLICATION, DISTRIBUTION, ETC.
Place of publication, distribution, etc. Bogotá :
Name of publisher, distributor, etc. Universidad Externado de Colombia,
Date of publication, distribution, etc. 2016
300 ## - PHYSICAL DESCRIPTION
Extent 75 páginas ;
Dimensions 15 cm.
490 0# - SERIES STATEMENT
Series statement Un libro por centavo ;
Volume/sequential designation N°121
500 ## - GENERAL NOTE
General note Incluye datos biográficos del autor.
520 ## - SUMMARY, ETC.
Summary, etc. Escrito entre la ternura fraternal y la tristeza continua, la admiración integra y un cruel resentimiento, el don de la noche es un largo poema de una sinceridad descarnada, cuyos versos, en buen número de momentos son golpes certeros al rostro, al pecho, al corazón, al alma.
650 14 - SUBJECT ADDED ENTRY--TOPICAL TERM
Topical term or geographic name entry element Poesía italiana
9 (RLIN) 376
650 14 - SUBJECT ADDED ENTRY--TOPICAL TERM
Topical term or geographic name entry element Niños
General subdivision poesías
9 (RLIN) 377
650 14 - SUBJECT ADDED ENTRY--TOPICAL TERM
Topical term or geographic name entry element Mujeres
General subdivision poesías
9 (RLIN) 378
650 14 - SUBJECT ADDED ENTRY--TOPICAL TERM
Topical term or geographic name entry element Muerte
General subdivision poesías
9 (RLIN) 379
942 ## - ADDED ENTRY ELEMENTS (KOHA)
Source of classification or shelving scheme Dewey Decimal Classification
Koha item type Books
Existencias
Withdrawn status Lost status Source of classification or shelving scheme Damaged status Not for loan Collection code Home library Current library Shelving location Date acquired Source of acquisition Cost, normal purchase price Total Checkouts Total Renewals Full call number Barcode Date last seen Date last checked out Copy number Price effective from Koha item type
    Dewey Decimal Classification     Fiction Biblioteca Pública José María del Castillo y Rada Biblioteca Pública José María del Castillo y Rada Processing Center 12/27/2019 Donación 0.00 3 1 P / COCd 201809856 07/03/2025 06/13/2025 Ej.1 02/11/2020 Books